| 000 | 00616nab a2200241 a 4500 | ||
|---|---|---|---|
| 001 | 55348 | ||
| 003 | 126134 | ||
| 005 | 20201118103113.0 | ||
| 008 | ||||||n9999 ||| || || | ||
| 041 | _aspa | ||
| 245 | 0 | _aDeclaracion conjunta Chino-Rusia | |
| 260 |
_aChina : _bCorporacion China de Comercio Internacional del Libro, _c1993. |
||
| 300 | _app.12-13 | ||
| 562 | _e0 | ||
| 650 | _aCHINA | ||
| 650 | _aDECLARACION | ||
| 650 | _aFRONTERAS | ||
| 650 | _aRELACIONES BILATERALES | ||
| 650 | _aREUNION INTERNACIONAL | ||
| 650 | _aRUSIA | ||
| 773 |
_052015 _aBeijing Informa - No.51 |
||
| 942 | _cSART | ||
| 999 |
_c55348 _d55348 |
||